Get Intentional: (Record no. 370799)

MARC details
000 -LEADER
fixed length control field 00507nam a22001697a 4500
005 - DATE AND TIME OF LATEST TRANSACTION
control field 20260327153713.0
008 - FIXED-LENGTH DATA ELEMENTS--GENERAL INFORMATION
fixed length control field 260327b |||||||| |||| 00| 0 eng d
020 ## - INTERNATIONAL STANDARD BOOK NUMBER
International Standard Book Number 9788126940189
041 ## - LANGUAGE CODE
Language code of text/sound track or separate title eng
082 ## - DEWEY DECIMAL CLASSIFICATION NUMBER
Classification number 158.1
Item number VER B22764
100 ## - MAIN ENTRY--PERSONAL NAME
Author Verghese A K
245 ## - TITLE STATEMENT
Title Get Intentional:
Remainder of title Unconventional Approaches and Tenacity for Personal Branding and Professional Advancement
260 ## - PUBLICATION, DISTRIBUTION, ETC.
Place of publication, distribution, etc. New Delhi
Name of publisher, distributor, etc. Atlantic
Date of publication, distribution, etc. 2024
300 ## - PHYSICAL DESCRIPTION
Extent 289p
500 ## - GENERAL NOTE
Keywords Personality Development
942 ## - ADDED ENTRY ELEMENTS (KOHA)
Koha item type Books
Holdings
Withdrawn status Lost status Source of classification or shelving scheme Damaged status Not for loan Home library Current library Date acquired Vendor Net Price Bill number Total Checkouts Full call number Barcode Date last seen Actual Price Bill Date Koha item type Original Barcode
    Dewey Decimal Classification     Smt. Hiraben Nanavati Institute of Management & Research for Women Smt. Hiraben Nanavati Institute of Management & Research for Women 29/01/2026 The Forward Books 695.00 25295   158.1 VER B22764 HIMR-BK-22764 27/03/2026 507.35 24/01/2026 Books B22764
    Dewey Decimal Classification     Smt. Hiraben Nanavati Institute of Management & Research for Women Smt. Hiraben Nanavati Institute of Management & Research for Women 29/01/2026 The Forward Books 695.00 25295   158.1 VER B22765 HIMR-BK-22765 27/03/2026 507.35 24/01/2026 Books B22765